[Event "PRO League Group Stage"]
[Site "chess.com INT"]
[Date "2018.02.04"]
[Round "4"]
[White "Maurizzi, Marc Andria"]
[Black "Chizhikov, Vladislav"]
[Result "0-1"]
[WhiteTitle "CM"]
[BlackTitle "FM"]
[WhiteElo "2018"]
[BlackElo "2313"]
[WhiteTeam "Marseille Migraines"]
[BlackTeam "Volga Stormbringers"]
[WhiteFideId "36083534"]
[BlackFideId "4178157"]
[EventDate "2018.01.18"]

1. e4 c5 2. Nc3 d6 3. f4 Nc6 4. Nf3 g6 5. Bb5 Bg7 6. Bxc6+ bxc6 7. O-O e6 8. d3
Ne7 9. Qe1 O-O 10. e5 Nf5 11. exd6 Qxd6 12. Ne4 Qd5 13. Nc3 Qd8 14. Qf2 Ba6 15.
Ne5 Nd4 16. Be3 Rb8 17. b3 Qc7 18. Ne4 Bxe5 19. fxe5 Qxe5 20. Qh4 f5 21. Bf4
Ne2+ 22. Kh1 Nxf4 23. Ng5 Nh5 24. Rae1 Qd5 25. Nxe6 Rf7 26. c4 Qd6 27. g4 fxg4
28. Rxf7 Kxf7 29. Ng5+ Kg8 30. Qxg4 Rf8 31. Ne4 Qe5 32. Rg1 Bc8 33. Qh4 Bf5 34.
Nf2 Ng7 0-1

[Event "PRO League Group Stage"]
[Site "chess.com INT"]
[Date "2018.02.04"]
[Round "4"]
[White "Petrosyan, Manuel"]
[Black "Rendle, Thomas E"]
[Result "1-0"]
[WhiteTitle "GM"]
[BlackTitle "IM"]
[WhiteElo "2570"]
[BlackElo "2362"]
[WhiteTeam "Armenia Eagles"]
[BlackTeam "London Towers"]
[WhiteFideId "13300857"]
[BlackFideId "408760"]
[EventDate "2018.01.18"]

1. d4 f5 2. c4 Nf6 3. Nf3 g6 4. g3 Bg7 5. Bg2 O-O 6. O-O d6 7. Nc3 Nc6 8. b3 e5
9. dxe5 dxe5 10. Ba3 Re8 11. e4 Nd4 12. exf5 Bxf5 13. Nh4 Bg4 14. Qc1 c6 15. h3
Be6 16. Re1 Qc7 17. Ne4 Nxe4 18. Rxe4 Rad8 19. Bb2 Qf7 20. Bxd4 exd4 21. Qd2 Bc8
22. Rae1 Rxe4 23. Rxe4 Re8 24. Rxe8+ Qxe8 25. Nf3 Qd8 26. Ne1 Bf5 27. Nd3 h5 28.
h4 Qe7 29. Bf3 Kh7 30. Kg2 Bh6 31. Qd1 Qe6 32. Ne1 Qd6 33. Be2 Bd7 34. Bd3 Qe6
35. Qxh5 c5 36. Qe2 Bc6+ 37. Kh2 Qxe2 38. Bxe2 Kg7 39. f4 Kf6 40. Kg1 b6 41. Kf2
Be4 42. Bd3 Bc6 43. Nf3 Bf8 44. Ne5 Be8 45. Nf3 Bd6 46. Ng5 Bc7 47. Be4 b5 48.
Bd3 b4 49. Ne4+ Ke7 50. Nxc5 a5 51. Ne4 a4 52. Nd2 a3 53. Nf3 Bb6 54. Ne5 Kf6
55. g4 Bc5 56. Kf3 Bd6 57. g5+ Kg7 58. Ke4 Bb8 59. Kxd4 Ba7+ 60. c5 Kf8 61. Bxg6
Bb5 62. Bd3 1-0

[Event "PRO League Group Stage"]
[Site "chess.com INT"]
[Date "2018.02.04"]
[Round "4"]
[White "Prithu, Gupta"]
[Black "Bordi, Kevin"]
[Result "0-1"]
[WhiteTitle "FM"]
[WhiteElo "2373"]
[BlackElo "2282"]
[WhiteTeam "Delhi Dynamite"]
[BlackTeam "Cannes Blockbusters"]
[WhiteFideId "46618546"]
[BlackFideId "621862"]
[EventDate "2018.01.18"]

1. Nf3 d6 2. c4 g6 3. Nc3 Bg7 4. b3 e6 5. Bb2 Ne7 6. Qc2 Nd7 7. O-O-O b6 8. Ne4
e5 9. d4 Nc6 10. g3 Bb7 11. Bg2 Nb4 12. Qb1 Nxa2+ 13. Qxa2 Bxe4 14. dxe5 O-O 15.
exd6 Bh6+ 16. e3 Nc5 17. Ba1 a5 18. Qb2 f6 19. d7 a4 20. Qc3 axb3 21. Rd4 Ra2
22. Bb2 Bg7 23. Rxe4 Rxb2 24. Rd1 Rc2+ 25. Qxc2 bxc2 26. Kxc2 Nxe4 0-1

[Event "PRO League Group Stage"]
[Site "chess.com INT"]
[Date "2018.02.04"]
[Round "4"]
[White "Barseghyan, Harutyun"]
[Black "Zwardon, Vojtech"]
[Result "0-1"]
[BlackTitle "IM"]
[WhiteElo "2467"]
[BlackElo "2412"]
[WhiteTeam "Cannes Blockbusters"]
[BlackTeam "Riga Magicians"]
[WhiteFideId "13304585"]
[BlackFideId "325511"]
[EventDate "2018.01.18"]

1. d4 Nf6 2. c4 e5 3. dxe5 Ng4 4. Bf4 g5 5. Bg3 Bg7 6. Nf3 Nc6 7. Nc3 Ngxe5 8.
Nxe5 Nxe5 9. e3 d6 10. h4 g4 11. h5 h6 12. Be2 Be6 13. Rc1 Qd7 14. b3 O-O-O 15.
Nd5 f5 16. Nf4 Bf7 17. Qd2 Kb8 18. Bh4 Rde8 19. O-O Reg8 20. Rfd1 Nf3+ 21. Bxf3
gxf3 22. g3 Be5 23. c5 Rg4 24. Qb4 Rhg8 25. c6 Qc8 26. Kf1 b6 27. Qa4 Bxh5 28.
b4 Bxf4 29. exf4 Rxh4 30. gxh4 Qe6 31. Rc2 Qe2+ 32. Rxe2 fxe2+ 33. Ke1 Rg1+ 0-1

[Event "PRO League Group Stage"]
[Site "chess.com INT"]
[Date "2018.02.04"]
[Round "4"]
[White "Barseghyan, Harutyun"]
[Black "Haldorsen, Benjamin"]
[Result "1-0"]
[BlackTitle "FM"]
[WhiteElo "2467"]
[BlackElo "2405"]
[WhiteTeam "Cannes Blockbusters"]
[BlackTeam "Oslo Trolls"]
[WhiteFideId "13304585"]
[BlackFideId "1512633"]
[EventDate "2018.01.18"]

1. d4 d5 2. c4 dxc4 3. Nf3 Nf6 4. e3 b5 5. a4 b4 6. Bxc4 e6 7. a5 a6 8. O-O Bb7
9. Be2 Nbd7 10. Qa4 c5 11. Rd1 Qc7 12. Bd2 Bc6 13. Qc2 Qb7 14. Be1 Rc8 15. Ne5
Bxg2 16. f3 Bh3 17. Qa4 c4 18. Nd2 Be7 19. Ndxc4 O-O 20. Rac1 Nxe5 21. Nxe5 Nd5
22. Bf2 Bg5 23. Rxc8 Rxc8 24. e4 Nf4 25. Bf1 f6 26. Nd3 Bxf1 27. Kxf1 Nxd3 28.
Rxd3 Bf4 29. Kg2 h5 30. Bg3 Qc7 31. Qb3 Kf7 32. d5 Qc2+ 33. Kh3 Qxb3 34. Rxb3
Bxg3 35. hxg3 exd5 36. Rxb4 dxe4 37. fxe4 Rc5 38. Rb7+ Kg6 39. b4 Rc4 40. Rb6
Rxe4 41. Kg2 Kg5 42. Kf3 Rc4 43. Ke3 f5 44. Kd3 Rg4 45. Kc2 g6 46. Kb2 Rxg3 47.
b5 axb5 48. a6 b4 49. Rxb4 Rg2+ 50. Kb3 Rg3+ 51. Ka4 Rg1 52. Ka5 Ra1+ 53. Ra4
Rd1 54. a7 Rd8 55. Kb6 Ra8 56. Kb7 Rxa7+ 57. Kxa7 f4 58. Kb6 Kg4 59. Kc5 g5 60.
Kd4 f3 61. Ke3+ Kg3 62. Ra5 g4 63. Rxh5 Kg2 64. Rf5 Kg3 65. Rf4 Kh3 66. Kf2 g3+
67. Kxf3 g2 68. Rg4 Kh2 69. Rxg2+ Kh1 70. Rg8 1-0

[Event "PRO League Group Stage"]
[Site "chess.com INT"]
[Date "2018.02.04"]
[Round "4"]
[White "Barseghyan, Harutyun"]
[Black "Kanep, Siim"]
[Result "1-0"]
[WhiteElo "2467"]
[BlackElo "2180"]
[WhiteTeam "Cannes Blockbusters"]
[BlackTeam "Estonia Horses"]
[WhiteFideId "13304585"]
[BlackFideId "4501691"]
[EventDate "2018.01.18"]

1. d4 Nf6 2. c4 e6 3. Nc3 Bb4 4. g3 O-O 5. Bg2 d5 6. Nf3 c5 7. O-O dxc4 8. dxc5
Qa5 9. Qc2 Qxc5 10. Na4 Qa5 11. a3 Be7 12. Bd2 Qh5 13. Qxc4 b5 14. Qh4 Bb7 15.
Qxh5 Nxh5 16. Nc3 a6 17. Rac1 Nd7 18. Na2 Rac8 19. Bb4 Bxb4 20. Nxb4 Nhf6 21.
Nd4 Bxg2 22. Kxg2 Ra8 23. Rc6 a5 24. Nd3 Rfb8 25. Rfc1 g6 26. Rc7 Kg7 27. Nc5
Nxc5 28. R1xc5 Kg8 29. Nxb5 Nd5 30. Rd7 a4 31. Nc7 Ra7 32. Nxd5 1-0

[Event "PRO League Group Stage"]
[Site "chess.com INT"]
[Date "2018.02.04"]
[Round "4"]
[White "Barseghyan, Harutyun"]
[Black "Grigoriants, Sergey"]
[Result "1/2-1/2"]
[BlackTitle "GM"]
[WhiteElo "2467"]
[BlackElo "2568"]
[WhiteTeam "Cannes Blockbusters"]
[BlackTeam "Volga Stormbringers"]
[WhiteFideId "13304585"]
[BlackFideId "4130804"]
[EventDate "2018.01.18"]

1. d4 Nf6 2. c4 e6 3. Nc3 Bb4 4. g3 d5 5. Bg2 O-O 6. Nf3 dxc4 7. O-O Nc6 8. a3
Bxc3 9. bxc3 Rb8 10. a4 b6 11. Qc2 Na5 12. Bg5 h6 13. Bh4 Bb7 14. Bxf6 Qxf6 15.
Rab1 c5 16. dxc5 bxc5 17. Nd2 Bxg2 18. Kxg2 Rfd8 19. Rb5 Rxb5 20. axb5 Qe7 21.
Nf3 Nb3 22. Qe4 Nd2 23. Nxd2 Rxd2 24. Qxc4 Qb7+ 25. Kg1 Rb2 26. Qxc5 Rxb5 27.
Qd4 Rd5 28. Qa4 Rc5 29. c4 Qc7 30. Rc1 a5 31. e3 g6 32. h4 Kg7 33. Kh2 Qb7 34.
Qa1+ e5 35. Qa3 Qc6 36. Qc3 g5 37. hxg5 hxg5 38. Kg1 Qe4 39. Qb3 Rc6 40. Qc2
Qxc2 41. Rxc2 a4 42. c5 Kf6 43. Rc4 a3 1/2-1/2

[Event "PRO League Group Stage"]
[Site "chess.com INT"]
[Date "2018.02.04"]
[Round "4"]
[White "Melkumyan, Hrant"]
[Black "Olafsson, Helgi"]
[Result "1-0"]
[WhiteTitle "GM"]
[BlackTitle "GM"]
[WhiteElo "2654"]
[BlackElo "2508"]
[WhiteTeam "Armenia Eagles"]
[BlackTeam "Reykjavik Puffins"]
[WhiteFideId "13302485"]
[BlackFideId "2300010"]
[EventDate "2018.01.18"]

1. e4 c5 2. Nf3 d6 3. Bb5+ Bd7 4. Bxd7+ Qxd7 5. O-O Nf6 6. Re1 g6 7. e5 dxe5 8.
Nxe5 Qc7 9. d4 Bg7 10. Bf4 Nh5 11. Nxg6 Nxf4 12. Rxe7+ Qxe7 13. Nxe7 Kxe7 14.
Qg4 Ne6 15. d5 Bxb2 16. dxe6 Bxa1 17. exf7 Nc6 18. Nd2 Rhf8 19. Qe4+ Kxf7 20.
Qxh7+ Bg7 21. Ne4 Rad8 22. h4 Rd1+ 23. Kh2 Rd7 24. Ng5+ Ke8 25. Qg6+ Kd8 26.
Ne6+ Kc8 27. Nxf8 Bxf8 28. h5 Ne5 29. Qf5 Bd6 30. f4 Nc4 31. g3 Kc7 32. h6 Bf8
33. Qxf8 1-0

[Event "PRO League Group Stage"]
[Site "chess.com INT"]
[Date "2018.02.04"]
[Round "4"]
[White "Melkumyan, Hrant"]
[Black "Spoelman, Wouter"]
[Result "1/2-1/2"]
[WhiteTitle "GM"]
[BlackTitle "GM"]
[WhiteElo "2654"]
[BlackElo "2578"]
[WhiteTeam "Armenia Eagles"]
[BlackTeam "Amsterdam Mosquitoes"]
[WhiteFideId "13302485"]
[BlackFideId "1010891"]
[EventDate "2018.01.18"]

1. e4 c5 2. Nf3 e6 3. g3 d5 4. exd5 exd5 5. Bg2 Nf6 6. O-O Be7 7. d4 O-O 8. dxc5
Bxc5 9. Nc3 Nc6 10. Bg5 Be6 11. Rb1 Re8 12. Bxf6 Qxf6 13. Nxd5 Bxd5 14. Qxd5 Bb6
15. c3 Re2 16. Qg5 Qe6 17. Nh4 h6 18. Qf5 Qe7 19. Bxc6 bxc6 20. Qf3 Rd8 21. Nf5
Qe5 22. Ne3 Rdd2 23. Nc4 Rxf2 24. Rxf2 Rxf2 25. Nxe5 Rxf3+ 26. Kh1 Rf6 27. Rd1
Re6 28. Nc4 Re2 29. a4 g5 30. a5 Bf2 31. Rd2 Rxd2 32. Nxd2 f5 33. Kg2 Bc5 34.
Nb3 Be3 35. Kf3 f4 36. gxf4 Bxf4 37. h3 Kf7 38. Nd4 c5 39. Nb3 c4 40. Nd4 Bc1
41. a6 Ke7 42. Nc6+ Kd7 43. Nxa7 Bxb2 44. Nb5 Kc6 45. Kg4 Bc1 46. Kh5 Be3 47. a7
Kb7 48. Nd6+ Kxa7 49. Nxc4 Bf4 50. Nb2 Kb7 51. Nd3 Bd2 52. c4 Kc6 53. Nf2 Bf4
54. Ne4 Bc1 55. Kg6 Bf4 56. Kf5 Be3 57. Kg6 Bc1 58. Kh5 Be3 59. Kg4 Bc1 60. Nf2
Bf4 61. Nd3 Bd2 62. Kh5 Be3 63. Kg6 Bd2 64. Kh5 Be3 65. Ne5+ Kc5 66. Ng4 Bc1 67.
Nxh6 Kxc4 68. Nf7 Kd5 69. Nxg5 Kd6 70. Kg6 Bxg5 71. h4 Bxh4 1/2-1/2

[Event "PRO League Group Stage"]
[Site "chess.com INT"]
[Date "2018.02.04"]
[Round "4"]
[White "Kukk, Sander"]
[Black "Villegas, Pierre"]
[Result "1/2-1/2"]
[BlackTitle "FM"]
[WhiteElo "2178"]
[BlackElo "2320"]
[WhiteTeam "Estonia Horses"]
[BlackTeam "Cannes Blockbusters"]
[WhiteFideId "4502094"]
[BlackFideId "654183"]
[EventDate "2018.01.18"]

1. b3 e5 2. Bb2 Nc6 3. e3 Nf6 4. Bb5 Bd6 5. Na3 Na5 6. Be2 a6 7. c4 O-O 8. Nc2
Nc6 9. d3 Re8 10. Nf3 Bf8 11. e4 Bc5 12. O-O d6 13. a3 Bg4 14. Nfe1 Bxe2 15.
Qxe2 Nd7 16. Kh1 Nf8 17. b4 Ba7 18. f4 exf4 19. Rxf4 Ne6 20. Rg4 Ncd4 21. Nxd4
Bxd4 22. Nf3 Bxb2 23. Qxb2 a5 24. Rf1 axb4 25. axb4 Qd7 26. Nh4 Kh8 27. Nf5 Rg8
28. d4 f6 29. d5 Ng5 30. h4 Nf7 31. Rg3 Ne5 32. c5 Qb5 33. Rc1 Ra4 34. cxd6 Rxb4
35. Qc3 Rc4 36. Qa1 cxd6 37. Nxd6 Rxc1+ 38. Qxc1 Qd7 39. Nf5 Rc8 40. Qf4 g6 41.
Nd4 Qe7 42. Ne6 Nd7 43. Rb3 b6 44. h5 g5 45. Qe3 Qd6 46. Rc3 Ra8 47. Qc1 Kg8 48.
Rc8+ Rxc8 49. Qxc8+ Nf8 50. h6 Qb4 51. Kh2 Qd6+ 52. g3 Qb4 53. Nxf8 Qxf8 54.
Qe6+ Qf7 55. Qxb6 Qh5+ 56. Kg1 Qd1+ 57. Kf2 Qd2+ 58. Kf3 Qd1+ 59. Kg2 Qe2+ 60.
Kh3 Qh5+ 61. Kg2 Qe2+ 62. Kg1 Qe1+ 63. Kh2 Qe2+ 64. Kg1 Qe1+ 65. Kh2 1/2-1/2

[Event "PRO League Group Stage"]
[Site "chess.com INT"]
[Date "2018.02.04"]
[Round "4"]
[White "Melkumyan, Hrant"]
[Black "Lenic, Luka"]
[Result "1/2-1/2"]
[WhiteTitle "GM"]
[BlackTitle "GM"]
[WhiteElo "2654"]
[BlackElo "2662"]
[WhiteTeam "Armenia Eagles"]
[BlackTeam "Ljubljana Turtles"]
[WhiteFideId "13302485"]
[BlackFideId "14603853"]
[EventDate "2018.01.18"]

1. e4 c5 2. Nf3 Nc6 3. Bb5 e6 4. O-O Nge7 5. Re1 a6 6. Bf1 d5 7. exd5 Nxd5 8. d4
Nf6 9. Be3 Nd5 10. Bg5 f6 11. c4 Nde7 12. d5 fxg5 13. dxc6 Qxd1 14. Rxd1 Nxc6
15. Nxg5 Nd4 16. Nc3 Be7 17. Nge4 Bd7 18. Ne2 Nf5 19. g3 g5 20. Bg2 O-O-O 21.
Rd2 Be8 22. Rxd8+ Kxd8 23. Nc1 Kc7 24. Nd3 b6 25. Re1 Nd4 26. Ne5 Rf8 27. Re3 h5
28. Ra3 a5 29. Re3 Rf5 30. Nf3 Nxf3+ 31. Bxf3 g4 32. Bg2 Re5 33. h3 Bg6 34. hxg4
hxg4 35. Kf1 Bf8 36. Ke1 Bg7 37. Re2 Rh5 38. Kf1 Bd4 39. b3 Re5 40. f4 gxf3 41.
Bxf3 a4 42. Kg2 Be8 43. g4 Bc6 44. Kg3 axb3 45. axb3 Bxe4 46. Bxe4 Rg5 47. Bf3
Kd6 48. Re1 Be5+ 49. Kh4 Bf6 50. Rd1+ Ke7 51. Kg3 Be5+ 52. Kg2 Rg8 53. Re1 Kd6
54. Rd1+ Ke7 55. Re1 Kd6 56. Re2 Bf6 57. Rd2+ Ke7 58. Ra2 Rd8 59. Ra7+ Rd7 60.
Rxd7+ Kxd7 61. Be4 Kd6 62. Kf3 Ke5 63. Bc6 1/2-1/2

[Event "PRO League Group Stage"]
[Site "chess.com INT"]
[Date "2018.02.04"]
[Round "4"]
[White "Melkumyan, Hrant"]
[Black "Yanchenko, Roman"]
[Result "1-0"]
[WhiteTitle "GM"]
[BlackTitle "FM"]
[WhiteElo "2654"]
[BlackElo "2436"]
[WhiteTeam "Armenia Eagles"]
[BlackTeam "London Towers"]
[WhiteFideId "13302485"]
[BlackFideId "4137329"]
[EventDate "2018.01.18"]

1. e4 e6 2. d4 d5 3. exd5 exd5 4. Nf3 Nf6 5. Bd3 c5 6. dxc5 Bxc5 7. Qe2+ Qe7 8.
Qxe7+ Bxe7 9. O-O O-O 10. Re1 Nc6 11. Bg5 h6 12. Bh4 Be6 13. a3 Rac8 14. Nc3
Rfd8 15. Ne2 g5 16. Bg3 Bc5 17. c3 Nh5 18. Ned4 Nxd4 19. Nxd4 Bxd4 20. cxd4 Nxg3
21. hxg3 Rc7 22. f4 gxf4 23. gxf4 Kg7 24. Kf2 Bg4 25. Re5 Kf6 26. Rae1 Rd6 27.
R1e3 Rb6 28. b4 Rd6 29. Re8 Rc3 30. Kg3 Bd7 31. Rd8 Rxa3 32. Kh4 Re6 33. Rg3 Ke7
34. Rxd7+ Kxd7 35. Bb5+ Kd6 36. Rxa3 Re4 37. Kg4 a6 38. Bd3 Re3 39. Rb3 Re1 40.
Kf5 Re3 41. g4 Re6 42. Rc3 Re3 43. Kf6 Rg3 44. Kxf7 Rxg4 45. f5 Rg3 46. Rb3 h5
47. Bc2 Rg2 48. Bd1 h4 49. f6 Rd2 50. Bh5 Rh2 51. Kg7 h3 52. f7 Rg2+ 53. Bg6 1-0

[Event "PRO League Group Stage"]
[Site "chess.com INT"]
[Date "2018.02.04"]
[Round "4"]
[White "Thorfinnsson, Bjorn"]
[Black "Manukian, Artak"]
[Result "1/2-1/2"]
[WhiteTitle "IM"]
[WhiteElo "2400"]
[BlackElo "2196"]
[WhiteTeam "Reykjavik Puffins"]
[BlackTeam "Armenia Eagles"]
[WhiteFideId "2300982"]
[BlackFideId "13301373"]
[EventDate "2018.01.18"]

1. d4 c5 2. c3 cxd4 3. cxd4 d5 4. Nf3 Nf6 5. Nc3 Nc6 6. Bf4 Bf5 7. e3 e6 8. Qb3
Bb4 9. Bb5 O-O 10. Bxc6 Bxc3+ 11. bxc3 bxc6 12. O-O Ne4 13. Qa3 g5 14. Bg3 h5
15. h4 f6 16. hxg5 fxg5 17. Ne5 c5 18. Bh2 cxd4 19. cxd4 g4 20. f3 g3 21. fxe4
gxh2+ 22. Kxh2 Qh4+ 23. Kg1 Bxe4 24. Qd6 Qg3 25. Qxe6+ Kh8 26. Qh6+ Kg8 27. Qe6+
Kh8 28. Qh6+ Kg8 29. Qe6+ Kh8 30. Qh6+ Kg8 31. Qe6+ Kh8 32. Qh6+ 1/2-1/2

[Event "PRO League Group Stage"]
[Site "chess.com INT"]
[Date "2018.02.04"]
[Round "4"]
[White "Thorfinnsson, Bjorn"]
[Black "Sadhwani, Raunak"]
[Result "1/2-1/2"]
[WhiteTitle "IM"]
[BlackTitle "FM"]
[WhiteElo "2400"]
[BlackElo "2321"]
[WhiteTeam "Reykjavik Puffins"]
[BlackTeam "Mumbai Movers"]
[WhiteFideId "2300982"]
[BlackFideId "35093487"]
[EventDate "2018.01.18"]

1. d4 Nf6 2. Nf3 e6 3. Bg5 Be7 4. e3 d5 5. Bd3 c5 6. c3 Nbd7 7. Nbd2 Qc7 8. Qc2
h6 9. Bh4 e5 10. dxe5 Nxe5 11. Nxe5 Qxe5 12. Bg3 Qe6 13. O-O O-O 14. c4 Bd6 15.
cxd5 Nxd5 16. Bxd6 Qxd6 17. Ne4 Qd8 18. Qxc5 Nf4 19. Bc4 b6 20. Qe5 Be6 21. Rfd1
Qb8 22. Nd6 Bxc4 23. exf4 f6 24. Qe4 Bf7 25. a3 Qc7 26. Rac1 Qd7 27. Nf5 Qb5 28.
Nd6 Qd7 29. Nxf7 Qxf7 30. g3 Rad8 31. Kg2 Rfe8 32. Rxd8 Rxd8 33. Qc4 Qxc4 34.
Rxc4 Rd2 35. Rc8+ Kh7 36. b4 Rd3 37. a4 Ra3 38. a5 bxa5 39. b5 Rb3 40. Rb8 a6
41. b6 a4 42. b7 a3 43. Ra8 Rxb7 44. Rxa6 Rb3 45. f5 h5 46. h4 Rb5 47. Rxa3 Rxf5
48. f3 Rb5 49. g4 Kg6 50. Kg3 1/2-1/2

[Event "PRO League Group Stage"]
[Site "chess.com INT"]
[Date "2018.02.04"]
[Round "4"]
[White "Thorfinnsson, Bjorn"]
[Black "Prithu, Gupta"]
[Result "1-0"]
[WhiteTitle "IM"]
[BlackTitle "FM"]
[WhiteElo "2400"]
[BlackElo "2373"]
[WhiteTeam "Reykjavik Puffins"]
[BlackTeam "Delhi Dynamite"]
[WhiteFideId "2300982"]
[BlackFideId "46618546"]
[EventDate "2018.01.18"]

1. d4 Nf6 2. Nf3 e6 3. Bg5 c5 4. e3 b6 5. Nbd2 Bb7 6. Bd3 Be7 7. O-O d6 8. c3
Nbd7 9. Rc1 O-O 10. Qc2 h6 11. Bh4 e5 12. dxe5 Nxe5 13. Nxe5 dxe5 14. Bxf6 Bxf6
15. Bh7+ Kh8 16. Be4 Qc7 17. Rcd1 Rad8 18. Bxb7 Qxb7 19. Qf5 Qd7 20. Qf3 Qe6 21.
b3 Be7 22. Nc4 b5 23. Nd2 f5 24. Qe2 a6 25. c4 b4 26. e4 f4 27. Nf3 Rd4 28. Nxd4
cxd4 29. c5 f3 30. gxf3 Qh3 31. f4 exf4 32. f3 Bxc5 33. Kh1 Rf6 34. Rc1 d3 35.
Qxd3 Be3 36. e5 Rf8 37. Rcd1 Rf5 38. Qe4 Bb6 39. Rfe1 Rg5 40. Re2 a5 41. e6 Bc5
42. e7 Bxe7 43. Qa8+ Kh7 44. Qe4+ 1-0

[Event "PRO League Group Stage"]
[Site "chess.com INT"]
[Date "2018.02.04"]
[Round "4"]
[White "Thorfinnsson, Bjorn"]
[Black "Abdrlauf, Elham"]
[Result "1-0"]
[WhiteTitle "IM"]
[WhiteElo "2400"]
[BlackElo "2073"]
[WhiteTeam "Reykjavik Puffins"]
[BlackTeam "Norway Gnomes"]
[WhiteFideId "2300982"]
[BlackFideId "1533533"]
[EventDate "2018.01.18"]

1. d4 Nf6 2. Nf3 b6 3. Bg5 e6 4. e3 Bb7 5. Bd3 Be7 6. Nbd2 O-O 7. c3 h6 8. h4 d6
9. Bxf6 Bxf6 10. g4 g6 11. g5 hxg5 12. hxg5 Bg7 13. Qc2 Qe8 14. O-O-O Nd7 15.
Rh4 e5 16. Rdh1 Qe6 17. c4 d5 18. cxd5 Bxd5 19. e4 Bb7 20. d5 Qe7 21. Qd1 c6 22.
Qg1 cxd5 23. Qh2 f5 24. exf5 gxf5 25. g6 Rfc8+ 26. Kd1 Qf6 27. Bxf5 Nf8 28. Ng5
Rc7 29. Be6+ Nxe6 30. Nxe6 Re7 31. Nxg7 Qxg7 32. Rh8+ Qxh8 33. Qxh8# 1-0

[Event "PRO League Group Stage"]
[Site "chess.com INT"]
[Date "2018.02.04"]
[Round "4"]
[White "Kanep, Siim"]
[Black "Stefansson, Hannes"]
[Result "0-1"]
[BlackTitle "GM"]
[WhiteElo "2180"]
[BlackElo "2523"]
[WhiteTeam "Estonia Horses"]
[BlackTeam "Reykjavik Puffins"]
[WhiteFideId "4501691"]
[BlackFideId "2300087"]
[EventDate "2018.01.18"]

1. d4 d5 2. c4 e6 3. Nc3 Bb4 4. Nf3 Nf6 5. Bg5 h6 6. Bh4 dxc4 7. Bxf6 Qxf6 8. e4
b5 9. a4 Bb7 10. Be2 Bxe4 11. axb5 Nd7 12. O-O Bxc3 13. bxc3 Bd5 14. Ra5 O-O 15.
Qa1 e5 16. Rxa7 Qg6 17. Nh4 Qb6 18. Rxa8 Rxa8 19. Qb2 exd4 20. cxd4 Rb8 21. Nf5
Qxb5 22. Qc3 Be6 23. Ne7+ Kf8 24. d5 Bxd5 25. Qa3 Ra8 26. Qg3 Kxe7 27. Qxg7 Be6
28. Qxh6 Qe5 29. Qh4+ Qf6 30. Qe4 Ra1 31. Bxc4 Ra4 32. Rc1 Rxc4 0-1

[Event "PRO League Group Stage"]
[Site "chess.com INT"]
[Date "2018.02.04"]
[Round "4"]
[White "Zwardon, Vojtech"]
[Black "Skoberne, Jure"]
[Result "1-0"]
[WhiteTitle "IM"]
[BlackTitle "GM"]
[WhiteElo "2412"]
[BlackElo "2553"]
[WhiteTeam "Riga Magicians"]
[BlackTeam "Ljubljana Turtles"]
[WhiteFideId "325511"]
[BlackFideId "14604299"]
[EventDate "2018.01.18"]

1. c4 Nf6 2. g3 g6 3. Bg2 Bg7 4. Nc3 O-O 5. d3 e5 6. Bg5 d6 7. Qd2 c6 8. Bh6 d5
9. cxd5 cxd5 10. h4 Bxh6 11. Qxh6 d4 12. Ne4 Ng4 13. Qd2 f5 14. Nc5 Qb6 15. Rc1
Nd7 16. Bd5+ Kh8 17. Ne6 Ndf6 18. Nxf8 Nxd5 19. h5 Kg7 20. hxg6 hxg6 21. Nf3
Ndf6 22. Nxe5 Nxe5 23. Qh6+ Kf7 24. Nh7 Be6 25. Ng5+ Ke7 26. Qg7+ Bf7 27. Nxf7
Nxf7 28. Qxg6 Qa5+ 29. b4 Qxb4+ 30. Kf1 Qa5 31. Rb1 b6 32. Rc1 Qe5 33. f4 Qd5
34. Rh7 Nxh7 35. Rc7+ Kf8 36. Qxh7 Re8 37. Rxa7 Re7 38. Ra4 Re6 39. Ra7 Re7 40.
Rxe7 Kxe7 41. Qg6 b5 42. Qa6 Nd6 43. Ke1 Qc5 44. Kf2 b4 45. Qa8 Kd7 46. Qh8 Kc7
47. Qg7+ Kb6 48. Qh8 Nb5 49. Qb8+ Ka5 50. Qd8+ Ka4 51. Qa8+ Na7 52. Qg8 Nc6 53.
Qa8+ Na5 54. Qg8 Ka3 55. Qe6 Kb2 56. Qf7 Qc2 57. Qxf5 Qa4 58. Qd5 Qxa2 59. Qxd4+
Kb1 60. Qxb4+ Nb3 61. Qc3 Nd2 62. g4 Qa7+ 63. e3 Qa2 64. Qb4+ Kc1 65. g5 Kd1 66.
g6 Qd5 67. Qa4+ 1-0

[Event "PRO League Group Stage"]
[Site "chess.com INT"]
[Date "2018.02.04"]
[Round "4"]
[White "Zwardon, Vojtech"]
[Black "Atalik, Suat"]
[Result "1-0"]
[WhiteTitle "IM"]
[BlackTitle "GM"]
[WhiteElo "2412"]
[BlackElo "2538"]
[WhiteTeam "Riga Magicians"]
[BlackTeam "Amsterdam Mosquitoes"]
[WhiteFideId "325511"]
[BlackFideId "14401487"]
[EventDate "2018.01.18"]

1. c4 e6 2. Nc3 d5 3. d4 Nf6 4. Bg5 Be7 5. cxd5 Nxd5 6. Bxe7 Qxe7 7. Nf3 O-O 8.
e4 Nxc3 9. bxc3 c5 10. Bd3 Rd8 11. O-O cxd4 12. cxd4 b6 13. a4 Nc6 14. Bb5 Bb7
15. Rc1 Rac8 16. d5 Nb4 17. Rxc8 Bxc8 18. Re1 exd5 19. exd5 Qd6 20. Ne5 Bb7 21.
Bc4 Bxd5 22. Bxd5 Nxd5 23. Qf3 f6 24. Ng4 Nf4 25. g3 Nh3+ 26. Kg2 Ng5 27. Qb7
Qd5+ 28. Qxd5+ Rxd5 29. h4 Rd4 30. f4 Ne4 31. a5 h5 32. Ne3 g6 33. axb6 Rd2+ 34.
Kf3 f5 35. Nc4 Rf2+ 36. Ke3 Ra2 37. b7 1-0